000 00604nam a2200181Ia 4500
008 090630s9999 xx 000 0 und d
082 _b15654
100 _aभसे पोपटराव.
245 _aझाशीची रणचंडी.
_cभसे पोपटराव.
260 _bशांती - पुणे.
300 _a0
600 _aभसे पोपटराव.
630 _aझाशीची रणचंडी.
655 _aकादंबरी.
700 _aभसे पोपटराव.
730 _aझाशीची रणचंडी.
942 _cBOOK
999 _c267510
_d267510